[Event "BEL-ch"]
[Site "Charleroi"]
[Date "2001.07.13"]
[Round "7"]
[White "Meessen, Rudolf"]
[Black "Gurevich, Mikhail"]
[Result "0-1"]
[WhiteElo "2323"]
[BlackElo "2633"]
[Annotator "Gurevich,M"]
[PlyCount "58"]
[EventDate "2001.07.07"]
[EventType "tourn"]
[EventRounds "9"]
[EventCountry "BEL"]
[EventCategory "8"]
[SourceTitle "CBM 083 Extra"]
[Source "ChessBase"]
[SourceDate "2001.09.11"]
[SourceVersion "1"]
[SourceVersionDate "2001.09.11"]
[SourceQuality "1"]

1. e4 e6 2. d4 d5 3. e5 c5 4. c3 Nc6 5. Nf3 Bd7 6. Be2 Nge7 7. O-O Ng6 8. g3 f6
$5 9. Bd3 (9. exf6 gxf6 10. h4 Rg8 11. h5 Nh8 12. Kg2 cxd4 13. cxd4 Bd6 14. Be3
Qc7 15. Rg1 O-O-O $132 {Balenovic,Z-Jostes,M/ Biel op 1998/ 1-0 (36)}) 9...
cxd4 $5 $146 {[%mdl 8]} (9... Qb6 10. h4 Be7 11. b3 O-O-O 12. h5 Ngxe5 13. dxe5
fxe5 14. Ng5 e4 15. Be2 $14 {Panbukchian,V-Dimitrov,V/ Sofia 1992/ 1-0 (32)})
10. cxd4 Nb4 11. Be2 (11. Bxg6+ hxg6 12. Nh4 Kf7 $132) (11. exf6 $5 gxf6 (11...
Nxd3 12. fxg7 (12. f7+ Kxf7 13. Qxd3 Bd6 $13) 12... Bxg7 13. Qxd3 $14) 12. Be2
Bg7 13. Nc3 O-O 14. h4 (14. Be3 f5 15. Bg5 Qb6 16. a3 Nc6 17. Na4 Qc7 18. Rc1
f4 19. Nc5 Bc8 {1/2-1/2 Jonkman,H-Goloshchapov,A/ Hoogeveen op 2001 (19)}) (14.
Re1 $5 {/\ Bf1-h3} Qe7 $1 {/\ Qf7, f5 >< f2} 15. Bf1 Qf7 16. Bg2 $5 Rad8 $5 {
/\ Bc8, e5} (16... e5 $2 17. a3 Nc6 18. dxe5 fxe5 19. Qxd5 $16) 17. Be3 Bc8 18.
Qd2 Nc6 (18... e5 $2 19. a3 Nc6 20. dxe5 fxe5 21. Ng5 $18) 19. Rad1 Kh8 $5 20.
Qe2 Nge7 21. Bf4 Ng6 22. Bc1 Rfe8 23. Qb5 Qf8 24. a3 $14 {Jonkman,H-Gurevich,M/
Hoogeveen op 2001}) 14... Ne7 15. h5 Nf5 16. Bf4 Be8 17. g4 Nd6 18. Qb3 Nc6 19.
h6 Bh8 20. Bd3 Ne7 21. Qb4 Nec8 22. Rae1 Qd7 23. Kh2 a5 24. Qb3 b5 25. a4 bxa4
26. Qc2 Ra7 27. Re2 Qf7 28. Nh4 e5 29. dxe5 fxe5 30. Nxd5 Qxd5 31. Be3 e4 32.
Bxe4 Nxe4 33. Bxa7 Be5+ 34. Kg1 Bc6 35. f3 Nxa7 36. Rxe4 Qd6 37. Nf5 Bxe4 38.
Qxe4 Qe6 39. Qxa4 Nc8 40. Qxa5 Bxb2 {1/2-1/2 Jonkman,H-Bukal,V/ Saint Vincent
op 2002 (40)}) 11... fxe5 12. Nxe5 Nxe5 13. dxe5 Bc5 {/\ 0-0 <=> >>} 14. a3 $6
(14. Nd2 O-O 15. Nf3 (15. a3) 15... Rc8 16. a3 $13 Nc2 $6 17. Rb1 Qb6 18. Bd3
Nd4 19. Nxd4 Bxd4 20. Qh5 $40) 14... Nc6 15. Bh5+ $6 (15. Bf4 O-O 16. Nc3 g5 $5
$17 (16... Bd4 17. Bd3 $13)) 15... g6 16. Bh6 Qe7 (16... Qb6 $5 17. Nc3 (17.
Bg4 Nxe5 18. Nc3 Nxg4 19. Qxg4 Qxb2 $19) 17... gxh5 $17) 17. Qc1 gxh5 18. Bg5
Qf8 19. Bh6 Nd4 $1 20. Bxf8 Ne2+ 21. Kg2 Nxc1 22. Bg7 (22. Bxc5 Nb3 $19) 22...
Nb3 23. Bxh8 Nxa1 24. Nd2 Nc2 25. Rc1 Ne3+ 26. fxe3 Bxe3 $19 27. Rc2 Rc8 28.
Rxc8+ Bxc8 29. Nf1 Bc1 0-1

[Event "Sarajevo Bosnia 30th"]
[Site "Sarajevo"]
[Date "2000.05.21"]
[Round "5"]
[White "Movsesian, Sergei"]
[Black "Gurevich, Mikhail"]
[Result "0-1"]
[WhiteElo "2668"]
[BlackElo "2694"]
[Annotator "Gurevich,M"]
[PlyCount "70"]
[EventDate "2000.05.17"]
[EventType "tourn"]
[EventRounds "11"]
[EventCountry "BIH"]
[EventCategory "19"]
[SourceTitle "CBM 077"]
[Source "ChessBase"]
[SourceDate "2000.07.27"]
[SourceVersion "1"]
[SourceVersionDate "2000.07.27"]
[SourceQuality "1"]

1. e4 {Psakhis} e6 2. d4 d5 3. e5 {Psakhis: 'Sergey Movsesian likes this
variation and plays it with success.'} c5 4. c3 Nc6 5. Nf3 Bd7 6. Be2 Nge7 7.
Na3 cxd4 8. cxd4 Nf5 9. Nc2 Qb6 10. h4 (10. O-O {Psakhis} Rc8 11. g4 Nfe7 12.
Nfe1 h5 13. gxh5 Nf5 14. Be3 Na5 15. b3 Bb5 16. Nd3 Nc6 17. Rc1 a5 18. Nf4 Bxe2
19. Qxe2 Qd8 20. h3 $1 Qh4 21. Qg4 $14 {1-0 Grosar,A-Poldauf,D/AUT t-ch 9900
2000 (46)}) 10... f6 $5 {'N' Psakhis. TN Psakhis: 'Interesting novelty in well
known position.'} (10... Bb4+ 11. Kf1 h5 12. a3 Be7 13. b4 Rc8 14. g3 f6 15.
Bd3 fxe5 16. Bxf5 exf5 17. dxe5 $14 {1-0 Topalov,V-Nikolic,P/Monte Carlo 1997/
CBM 57 ext (33)}) ({but I am not sure that after} 10... Nb4 {Psakhis} 11. Nxb4
Qxb4+ 12. Kf1 Bb5 13. g4 Bxe2+ 14. Kxe2 Qc4+ {Black has too many problems, for
example} 15. Qd3 Ne7 16. h5 h6 17. Bd2 Rc8 18. a3 Kd7 19. Rac1 Qxd3+ 20. Kxd3
Rxc1 21. Rxc1 Nc6 $11 {1-0 Movsesian,S-Ulibin,M/CRO t-ch Pula 1999 (67)}) 11.
g4 {[#]} Nfxd4 $1 {'!?' Psakhis. Psakhis: 'Typical and strong knight
sacrifice- Black is getting few pawns and initiative instead of piece.'} (11...
Nfe7 12. exf6 gxf6 13. g5 Bg7 $13) 12. Ncxd4 (12. Nfxd4 Nxd4 (12... fxe5 $5)
13. Qxd4 Bc5 14. Qf4 fxe5 15. Qxe5 Bxf2+ 16. Kd1 O-O $13) 12... Nxe5 $5 (12...
Nxd4 13. Qxd4 Bc5 14. Qd3 (14. Qf4 Bxf2+ 15. Kf1 O-O 16. Kg2 Bc5 $13) 14...
Bxf2+ 15. Kf1 O-O (15... Bg3 16. Be3 Qxb2 $2 17. Bd4 $18) 16. Kg2 $14) (12...
Bb4+ $5 {Psakhis} 13. Kf1 Nxe5) 13. g5 (13. Nxe5 fxe5 14. Nb3 Bd6 {(/\15...0-0
|^)}) (13. Rg1 $5 {/\} Nxf3+ 14. Bxf3 e5 $6 (14... Bb4+ 15. Kf1 Bc5 16. Be3
Qxb2 $13) 15. Nf5 $14) 13... Bc5 $1 $44 {'<=>' Psakhis.} 14. O-O (14. gxf6 gxf6
15. Nxe5 fxe5 16. Bh5+ Ke7 17. Bg5+ Kd6 $17) 14... Nxf3+ (14... O-O {Psakhis}
15. gxf6 gxf6 16. Bh6 Rf7 17. Nxe5 fxe5 18. Bh5 $18) 15. Nxf3 Qb4 $5 {[/\16...
Qg4->>>]} 16. Ne1 $5 {[/\17.Ng2] Psakhis: 'Offering already third pawn for a
piece, but'} (16. Kh1 Qg4 (16... Bc6 $5) 17. Rg1 Qh3+ 18. Nh2 Qxh4 $17) (16.
Be3 {Psakhis} Qg4+ 17. Kh1 Bd6 $5 {looks too dangerous for White.}) 16... Qxh4
17. Ng2 Qb4 18. Bd3 {[/\ 19.Qh5+<=>]} O-O-O 19. a3 Qb6 20. b4 {Psakhis:
'Movsesian tries to organize a counter-attack against the Black monarch.'} Bd4
21. Be3 Kb8 22. Qf3 (22. Qg4 Bxe3 23. fxe3 e5 24. Qh4 Rdf8 $13) 22... Bxe3 (
22... fxg5 {Psakhis} 23. Qg3+ Ka8 24. Bxg5 Rc8 $13) 23. fxe3 Rhf8 (23... Rdf8
$5 {/\24...h6<=>>>}) 24. Qg3+ $6 (24. Bxh7 Bb5 $5 25. Rf2 d4 $13) 24... e5 {
[/\25...d4, 25...h6]} 25. Bxh7 {Psakhis: 'Risky decision'} d4 $1 $36 {'!'
Psakhis. [/\26...Rh8, 26...Bb5] Psakhis: 'Mikhail Gurevich plays all game with
great energy!'} 26. Be4 (26. exd4 Rh8 $5 {(/\27...Rh3)} 27. g6 (27. Bf5 $2 Bxf5
28. Rxf5 Qxd4+ $19) 27... Bb5 28. Rf2 Rxd4 {(/\29...Rhd8->)}) 26... Rh8 27.
gxf6 {Psakhis: 'Open all lines , but White needs already good advice.'} (27.
exd4 $5 {Psakhis} Rh3 28. Qf2 Rdh8 29. Ne1 Qe6 $40 {[%csl Rg1] doesn't look
too good either}) 27... gxf6 28. Qf3 (28. exd4 Rh3 29. Qf2 Rdh8 $40) (28. Qg7
dxe3 29. Rae1 (29. Qxf6 e2+ 30. Rf2 Qd4 $19) 29... e2+ 30. Rf2 Rh1+ $1 31. Kxh1
Qxf2 $17) 28... Rdf8 29. exd4 Rh3 30. Qd1 f5 $17 31. Qd2 (31. Rf3 $5 {Psakhis}
Rh5 $17) 31... Rfh8 {'-+' Psakhis. Psakhis: 'It is became clear that finish of
the game is very close.'} 32. Nf4 $5 $138 {Psakhis: 'Desperate attempt to
change current of the game.'} (32. Bc2 Bc6 33. Bxf5 Rh2 $19) (32. Bxf5 Bxf5 33.
Rxf5 Rh1+ $19) (32. Bd5 Qd6 33. Bc4 {'!' Psakhis.} (33. dxe5 Qb6+ $19) (33. Nf4
$1 {Psakhis} Rg3+ $1 34. Bg2 Rg4 $19) 33... Bc6 34. d5 Bb5 $19) 32... fxe4 $1 (
32... exf4 33. Qxf4+ Ka8 34. Bg2 R3h4 $17) 33. Nxh3 Bxh3 $19 34. Qh2 (34. Rf2 {
Psakhis} e3 35. Qxe3 Qg6+) 34... Qxd4+ 35. Kh1 e3 {Psakhis: 'Great victory of
Gurevich.'} 0-1

[Event "New York op"]
[Site "New York"]
[Date "1998.03.18"]
[Round "5"]
[White "Movsesian, Sergei"]
[Black "Gurevich, Mikhail"]
[Result "0-1"]
[WhiteElo "2595"]
[BlackElo "2635"]
[Annotator "Gurevich,M"]
[PlyCount "98"]
[EventDate "1998.03.16"]
[EventType "swiss"]
[EventRounds "9"]
[EventCountry "USA"]
[SourceTitle "CBM 064"]
[Source "ChessBase"]
[SourceDate "1998.06.02"]
[SourceVersion "1"]
[SourceVersionDate "1998.06.02"]
[SourceQuality "1"]

1. e4 {Hecht Psakhis Hansen,LB} e6 2. d4 d5 3. e5 c5 4. c3 Nc6 5. Nf3 Bd7 6. a3
{Hansen,LB: Movsesian has played this line before, but I still think the main
line 6. Be2 is better.} Nge7 (6... f6 {Hansen,LB} 7. b4 fxe5 8. b5 Nxd4 $5 (
8... Na5 9. Nxe5 Nf6 10. Bg5 Be7 11. Bd3 O-O 12. Nd2 Be8 13. O-O Rc8 14. a4 $13
{Prie,E-Bricard,E/Narbonne FRA-ch/1997/}) 9. Nxe5 $5 Nf5 10. Qh5+ g6 11. Nxg6
Nf6 12. Qh3 Rg8 13. Nxf8 Kxf8 $13 {Movsesian,S-Luther,T/Capelle la Grande/1998/
}) (6... c4 {Hansen,LB} 7. Be2 (7. g3 Na5 8. Nbd2 Bc6 9. Nh4 Qd7 10. Ng2 Ba4
11. Qe2 Bc2 12. Nxc4 $5 Nb3 $1 13. Qxc2 Nxa1 14. Qb1 Nb3 15. Nce3 Ne7 16. Nf4
h5 $15 {Kristensen,B-Djurhuus,R/Asker/1997/}) (7. Bf4 Qb6 8. Qc2 f6 9. Nbd2 g5
10. Bg3 g4 11. Nh4 fxe5 12. dxe5 O-O-O $13 {Hodgson,J-Shabalov,A/Winnipeg/1997/
}) 7... Na5 8. Nbd2 Bc6 9. O-O Qd7 10. g3 Ba4 11. Qe1 Be7 12. h4 O-O-O 13. Kg2
f5 $13 {Nunn,J-King,D/Kilkenny open/1997/}) (6... c4 $5 {Psakhis}) 7. b4 (7.
Bd3 {Hansen,LB} cxd4 8. cxd4 Qb6 9. Bc2 Nf5 10. Bxf5 exf5 11. Nc3 Be6 {1/2-1/2,
Bokan,D-Zueger,B/Cannes/1998/}) 7... cxd4 8. cxd4 Nf5 {Psakhis: Mikhail
Gurevich is a big expert in this line and he won many nice games here.} 9. Bb2
(9. Be3 $5 Nxe3 10. fxe3 f5 $6 11. Bd3 Be7 12. Nc3 O-O 13. O-O Kh8 14. h3 Rc8
15. Ne2 Bg5 16. Qd2 Bh6 17. g4 g6 18. Rf2 Qe7 19. Raf1 $36 {1-0 Movsesian,
S-Gurevich,M/Open, Groningen NED (8) 1997 (55)}) (9. Nc3 {Psakhis} Be7 (9...
Rc8 10. Bb2 Nh4 11. Nxh4 Qxh4 12. Na2 Be7 13. Be2 f5 14. O-O O-O 15. f4 g5 $132
{1/2-1/2 Matkovic,T-Jurkovic,A/CRO-Cup 1996 (49)}) 10. Be2 (10. Bb2 Nh4 11.
Nxh4 Bxh4 12. Na4 b6 13. Ba6 O-O 14. O-O Be7 15. Rc1 Rb8 16. Bd3 f5 17. f4 $14
{1-0 Pirrot,D-Enders,P/BL 1995 (36)}) 10... Rc8 11. Qd2 h5 12. Bb2 a6 13. h3 g6
14. O-O g5 15. g4 hxg4 16. hxg4 Nh6 $132 {1/2-1/2 Malaniuk-Gurevich,M/Lvov sf
ch-USSR 1984 (44)}) 9... b5 $5 {Hansen,LB: Black initiates counterplay on the
Q-side.} (9... Rc8 {Psakhis} 10. Nbd2 Qb6 11. Nb3 a5 12. g4 Nh6 13. b5 a4 $1
14. bxc6 Bxc6 15. Bd3 axb3 16. h3 Ba4 17. O-O Ng8 $13 {0-1 Legky-Gurevich,M/
Lvov sf ch-USSR 1984 (39)}) 10. Nbd2 (10. Bxb5 $145 Nxe5 11. Nxe5 Bxb5 12. Nc3
$13 Qb6 (12... Qb8 13. a4 Bc4 (13... Ba6 14. b5 Bd6 $13 15. Ne2 (15. O-O Nxd4
$13)) 14. b5) 13. Na4 $1 (13. a4 Bc4 14. Nxc4 Qxb4 $15 (14... dxc4)) 13... Qb8
14. Nc5 $14) (10. Nc3 {Psakhis} a6 11. Bd3 g6 12. O-O h5 13. Ne2 Be7 14. Bc3
Qb6 15. Nf4 Ng7 16. h4 a5 17. Qe2 $1 axb4 18. axb4 Rb8 19. Rfb1 O-O $11 {
1/2-1/2 Grosar,A-Hansen,L/Bled/Rogaska Slatina 1991 (31)}) 10... a5 11. Bxb5
axb4 12. a4 (12. axb4 {Psakhis} Nxe5 $5 13. Bxd7+ Nxd7 $15 {[%csl Rb4,Rd4]})
12... Be7 13. O-O (13. Rc1 {Psakhis} Na5) 13... O-O 14. h3 Na5 15. Bd3 Rc8 16.
Qe2 Qb6 17. g4 Nh6 18. Bb1 $5 {TN N/} (18. Ne1 f6 $1 19. exf6 Bxf6 20. Nef3 Nf7
21. h4 g6 22. Rae1 Bg7 $132 23. h5 gxh5 24. gxh5 Bxa4 25. Ne4 {1-0 Haba,
P-Jackelen,T/2.BLW9697 Porz II-Godesberg 1997 (47)} e5 $1 26. Nc5 Be8 27. dxe5
Qxc5 28. e6 Bxb2 29. Qxb2 Qc3 $19) 18... Rc7 $1 {With idea 19...Rfc8} (18...
Nc4 19. Qd3 $1 (19. Bc1 Na3 20. Bxa3 (20. Qd3 Nxb1 21. Nxb1 $132) 20... bxa3
21. Qd3 g6) (19. Bc1 {[%csl Rh6] Psakhis}) 19... g6 20. Bc1 $36) 19. Qd3 g6 20.
Nb3 $6 (20. Qe3 Kg7 21. Qf4 Rfc8 $132) 20... Nxb3 (20... Nc4 {Psakhis} 21. Bc1
Kg7 22. a5) 21. Qxb3 Ra8 $1 22. Qd1 {Hansen,LB: Intends to stabilize by Bc2-b3,
but this backfires.} (22. Rc1 Rca7 23. Qe3 Kg7 24. a5 Rxa5 25. Rxa5 Qxa5 $15) (
22. Bc2 {Hansen,LB} Qa5 23. Rfc1 $11) (22. Bc1 {Psakhis} Bf8 (22... Kg7 $5))
22... Kg7 $1 (22... Rca7 $5 23. Bc2 (23. Bc1 Rxa4 24. Rxa4 Bxa4 25. Qd2 Bf8 $17
) 23... b3 24. Bxb3 Bxa4 25. Rxa4 Rxa4 26. Bxa4 Qxb2 27. Qc2 $15) 23. Bc2 b3 $1
(23... Rca7 {Psakhis} 24. Bc1) 24. Bxb3 Bxa4 (24... Rb8 25. Nd2 (25. Ba3 $2
Bxa3 26. Rxa3 Qb4 27. Qa1 Rc3 $19) 25... Bb4 26. Nf3 Ba5 27. Ra3 Bxa4 28. Rxa4
Qxb3 29. Ba3 $11) 25. Qd3 $2 {Psakhis: Strange decision! Istead of slightly
worse ehding possible after} (25. Rxa4 Rxa4 26. Bxa4 Qxb2 $15 (26... Qxb2 {
Hansen,LB} 27. Qb3 Qxb3 28. Bxb3 Rc3 29. Bd1 Bd8 $15 {/\ Bb6,Ng8-e7-c6 >< d4}))
25... Bb5 {Psakhis: Not bad, but maybe even stronger was to play} (25... Bxb3
$1 26. Rxa8 Bc2 $1 (26... Bc4 27. Qd2 Bxf1 28. Kxf1 Qb3 29. Qe2 Rc2 30. Rb8 $13
) 27. Qd2 (27. Qa3 $140 $2 {Psakhis} Bxa3 28. Bxa3 Ng8 $19) 27... Qxb2 $19) 26.
Qe3 Bxf1 27. Rxa8 Bxh3 $19 28. g5 (28. Nd2 {Psakhis} Bxg4 29. Qf4 Bf5 $19)
28... Nf5 29. Qd3 Bg4 (29... Rb7 $5 {Psakhis} 30. Nd2 Bxg5 31. Ba3 h6 $19) 30.
Nh2 (30. Ra6 {Psakhis} Qb8 {[%cal Gc7b7]}) 30... Be2 $6 (30... Bh5 $19) 31.
Qxe2 (31. Qh3 {Psakhis} Bxg5 (31... Qb4 $5 {[%cal Rb4d2]})) 31... Qxb3 32. Ng4
$5 Qb7 $138 (32... Bxg5 33. Nf6 Bxf6 34. exf6+ Kh6 35. Ra3 Qc2 36. Qg4 g5 37.
Rh3+ Kg6 $19) (32... Ng3 $1 {Psakhis Could make way to victory much shorter.}
33. Qd2 (33. fxg3 Rc2 34. Qe3 (34. Nf6 Qxg3+ 35. Kf1 Qf4+ 36. Kg1 (36. Ke1 Bb4+
37. Kd1 Rd2+ $19) 36... Qxg5+ 37. Kf1 Qf4+ 38. Kg1 Rxe2 $19) 34... Qxb2 35. Nf2
Bxg5 $1 $19) (33. Nf6 Nxe2+ 34. Kh2 Bf8 35. Ne8+ Kh8 36. Nxc7 (36. Nf6 Qb4)
36... Nf4 $19 {[%cal Rb3h3]}) 33... Qf3 34. fxg3 Qxg4 $19) 33. Re8 Rc8 (33...
Bxg5 $1 {Psakhis} 34. Ba3 (34. Nf6 Rc8 $19) 34... h5 $19) 34. Nf6 Rxe8 35.
Nxe8+ Kf8 (35... Kh8 $142) 36. Nf6 Kg7 37. Ne8+ (37. Qc2 $142) 37... Kh8 38.
Nf6 h6 $1 $19 39. Qc2 (39. gxh6 Bxf6 40. exf6 Kh7 $19) (39. f4 {Psakhis} Qb3
40. Qf2 h5 $19) 39... hxg5 40. Qc3 Bxf6 41. exf6 {[#] Hecht:  A dominant black
knight and white pawn weaknesses. Black mobilizes his doubled g-pawns in order
to give his king some breathing room. [#] Hecht:  Dominanter schwarzer
Springer und weiße Bauernschwächen. Schwarz setzt geschickt seinen
g-Doppelbauern ein, um seinem König Luft zu verschaffen.} g4 42. Qc5 Qb8 $1 (
42... Qxb2 43. Qf8+ Kh7 44. Qxf7+ Kh6 $19) 43. Bc1 g5 $1 {Hansen,LB: Vacates
the white squares for the Black K.} (43... g3 $5 {Psakhis}) 44. Bxg5 Kh7 45.
Bc1 g3 46. Qc3 gxf2+ 47. Kg2 Qg3+ 48. Qxg3 Nxg3 49. Kxf2 Nh5 0-1

[Event "Vlissingen HZ op 01st"]
[Site "Vlissingen"]
[Date "1997.??.??"]
[Round "6"]
[White "Jonkman, Harmen"]
[Black "Gurevich, Mikhail"]
[Result "0-1"]
[WhiteElo "2365"]
[BlackElo "2620"]
[Annotator "Gurevich,M"]
[PlyCount "78"]
[EventDate "1997.07.05"]
[EventType "swiss"]
[EventRounds "7"]
[EventCountry "NED"]
[SourceTitle "CBM 058 Extra"]
[Source "ChessBase"]
[SourceDate "1997.07.29"]
[SourceVersion "1"]
[SourceVersionDate "1997.07.29"]
[SourceQuality "1"]

1. e4 e6 2. d4 d5 3. e5 c5 4. c3 Nc6 5. Nf3 Nge7 6. Na3 cxd4 7. cxd4 Nf5 8. Nc2
Bd7 9. Bd3 Qb6 $5 {TN} (9... Nb4 10. Nxb4 Bxb4+ 11. Bd2 Qb6 12. Bxb4 Qxb4+ 13.
Qd2 Qxd2+ 14. Kxd2 Ne7 15. Rhc1 h6 $11 {0-1 Blatny,P-Pomes,J Groningen op(8)
1990 (48)}) 10. O-O a5 $5 {[/\11...Nfxd4]} (10... Nfxd4 $2 11. Nfxd4 Nxd4 12.
Be3 Bc5 13. b4 $1 $18) 11. Bxf5 (11. Rb1 $5 Nfxd4 $2 12. Nfxd4 Nxd4 13. Be3 Bc5
14. b4 $1 axb4 15. Bxd4 Bxd4 16. Rxb4 $18) 11... exf5 12. Be3 $5 {[/
\Nf3-e1-d3-c5(f4)]} Nd8 $1 {[/\13...Ne6]} 13. Rb1 (13. Nfe1 $5 Bb5 14. Nd3 Qa6
15. Nce1 a4 (15... Ne6 16. a4 $5 $13) 16. f4 Ne6 17. Rf2 Be7 $13) 13... h6 14.
h4 Be7 15. h5 $6 Ne6 16. g3 g5 $15 17. hxg6 fxg6 {[/\18...g5,19...f4|^>>]} 18.
Nh2 Bb5 $6 (18... h5 19. f4 h4 20. g4 fxg4 21. Nxg4 O-O-O $36) 19. Re1 Qa6 20.
Rc1 h5 21. Na3 Bc6 $15 22. Qe2 Qxe2 23. Rxe2 g5 24. f4 g4 (24... h4 25. g4 gxf4
26. gxf5 fxe3 27. fxe6 O-O-O 28. Nc2 $15) 25. Nf1 Kd7 (25... h4 26. gxh4 Rxh4
27. Ng3 $132) 26. Rh2 b5 $5 {[/\27...b4,28...Bb5]} 27. Nc2 b4 28. Ne1 Bb5 29.
Bf2 $2 (29. Ng2 Bd3 30. Nh4 Rhc8 31. Rxc8 Rxc8 32. Ng6 Ng7 $17) 29... h4 $19
30. Rd1 (30. Ne3 Nxd4 31. Rd1 Ne2+ 32. Kh1 (32. Kg2 h3+ 33. Kh1 d4 34. Nxf5
Bc6+ $19) 32... hxg3 $19) 30... Bxf1 31. Kxf1 hxg3 32. Bxg3 Rxh2 33. Bxh2 Rh8
34. Kg2 Rh3 35. Rd3 (35. Bg3 Bh4 36. Bxh4 Nxf4+ 37. Kf2 Rxh4 38. Kg3 Ng6 $19)
35... Bh4 $1 36. Rd1 (36. Rxh3 gxh3+ 37. Kf1 Bxe1 38. Kxe1 Nxd4 39. Kf2 Ne6 40.
Kg3 d4 41. Bg1 d3 42. Be3 Nc5 43. Kxh3 Ne4 $19) 36... Re3 37. Nd3 g3 38. Nc5+ (
38. Bg1 Rxd3 39. Rxd3 Nxf4+ $19) 38... Nxc5 39. Bg1 Rd3 0-1

[Event "Ghent op 20th"]
[Site "Ghent"]
[Date "1997.??.??"]
[Round "8"]
[White "Blees, Albert"]
[Black "Gurevich, Mikhail"]
[Result "0-1"]
[WhiteElo "2405"]
[BlackElo "2585"]
[Annotator "Gurevich,M"]
[PlyCount "58"]
[EventDate "1997.??.??"]
[EventType "swiss"]
[EventRounds "9"]
[EventCountry "BEL"]
[SourceTitle "CBM 060"]
[Source "ChessBase"]
[SourceDate "1997.09.29"]
[SourceVersion "1"]
[SourceVersionDate "1997.09.29"]
[SourceQuality "1"]

1. e4 e6 2. d4 d5 3. e5 c5 4. c3 Nc6 5. Nf3 Nge7 6. Na3 cxd4 7. cxd4 Nf5 8. Nc2
Bd7 9. Bd3 Qb6 10. Bxf5 (10. O-O a5 11. Bxf5 exf5 12. Be3 Nd8 13. Rb1 h6 14. h4
Be7 15. h5 Ne6 16. g3 g5 17. hxg6 fxg6 $15 {0-1 Jonkman,H-Gurevich,M
Vlissingen op(6) 1997 (39)}) 10... exf5 11. O-O h6 (11... Be7 12. Bg5 $13) 12.
a3 a5 13. Re1 (13. h4 Be7 14. g3 {(/\Kg2,Rh1)}) (13. Rb1 $5 {(/\14.b4<=><<)} a4
14. Ne3 Be6 15. b4 $13) 13... Be6 14. h4 Be7 15. g3 {[/\16.Kg2,17.Rh1]} Qd8 $1
{[/\16...g5]} (15... Rg8 $5 16. h5 (16. Kg2 g5 17. hxg5 hxg5 18. Rh1 f4 $36)
16... g5 17. hxg6 fxg6 18. Bxh6 g5 19. Kg2 Rg6 20. Rh1 Kd7 $44) 16. h5 (16. Kg2
g5 17. Rh1 Kd7 $1 $36) 16... g5 17. hxg6 fxg6 18. Kg2 g5 19. Rh1 Kd7 $1 20. Qd3
Qb6 $1 {[/\21...Rag8,22...f4->]} 21. Bd2 f4 $1 22. gxf4 Raf8 $1 {[/\Be6-f5-e4]}
23. Nxg5 $5 (23. fxg5 Bf5 24. Qc3 Bxc2 25. Qxc2 Rxf3 $19) 23... hxg5 (23...
Bxg5 $5 24. fxg5 Bf5 25. Qc3 Be4+ 26. Kg1 Bxh1 27. Kxh1 hxg5+ 28. Kg2 Nxe5 $17)
24. Rxh8 {[#]} Bf5 $1 (24... Rxh8 25. f5 Bg8 26. b4 $1 $132) 25. e6+ $1 Kd6 $1
(25... Kxe6 $2 26. Rh6+ Kd7 27. Qc3 $13) (25... Kc7 26. Ne3 $1 Bxd3 27. Nxd5+
Kd6 28. Nxb6 Rxh8 29. d5 $5 $13) 26. Qg3 Rxh8 27. fxg5+ (27. Ne3 Kxe6 (27...
Bh3+ 28. Kg1 Kxe6 29. Re1 $36) 28. Re1 Be4+ 29. f3 Qxb2) 27... Kxe6 28. Re1+
Kd7 29. Ne3 Be6 0-1

[Event "FIDE World Cup"]
[Site "Khanty-Mansiysk"]
[Date "2005.12.04"]
[Round "3.2"]
[White "Shirov, Alexei"]
[Black "Gurevich, Mikhail"]
[Result "0-1"]
[WhiteElo "2710"]
[BlackElo "2652"]
[Annotator "Gurevich,M"]
[PlyCount "74"]
[EventDate "2005.11.27"]
[EventType "k.o."]
[EventRounds "7"]
[EventCountry "RUS"]
[SourceTitle "CBM 111"]
[Source "ChessBase"]
[SourceDate "2006.04.04"]
[SourceVersion "1"]
[SourceVersionDate "2006.04.04"]
[SourceQuality "1"]

1. e4 e6 2. d4 d5 3. e5 c5 4. c3 Nc6 5. Nf3 Qb6 6. a3 Nh6 7. b4 cxd4 8. cxd4
Nf5 9. Bb2 Bd7 10. g4 Nfe7 11. Nc3 Na5 12. Nd2 (12. Qc2 Nc4 13. Bxc4 dxc4 14.
Nd2 Qc6 15. Nce4 Nc8 16. Nxc4 b5 17. Ne3 Qxc2 18. Nxc2 Bc6 19. f3 h5 (19... Nb6
20. Ne3 Na4 21. O-O-O O-O-O 22. Rhf1 Be7 $44 {0-1 Molander,R-Johannessen,L/
Stockholm SWE 2005/The Week in Chess 582 (42)}) 20. g5 Nb6 21. Kf2 Be7 22. h4
O-O 23. Ne3 Na4 24. Rab1 a5 $44 {1/2-1/2 Sveshnikov,E-Lopez Martinez,J/
Stepanakert 2005/CBM 110_02 (51)}) 12... Rc8 13. Rc1 Ng6 14. h4 (14. Qe2 Be7
15. Qe3 O-O 16. h4 f6 17. h5 Nh8 18. Rc2 Nc6 19. Na4 Qd8 20. exf6 Bxf6 21. Nc5
e5 $17 {0-1 Motylev,A-Ponomariov,R/Khanty Mansyisk RUS 2005/The Week in Chess
578 (38)}) 14... Be7 15. g5 O-O 16. Ne2 $5 {[/\17.h5]} (16. Rg1 Nxh4 17. Bd3 g6
18. Qg4 Nf5 19. Bxf5 exf5 20. Qh4 Rfe8 21. Nxd5 Rxc1+ 22. Bxc1 Qc6 23. Nxe7+
Rxe7 24. Bb2 Qc2 25. Rh1 f6 26. gxf6 Rf7 27. d5 Ba4 28. Kf1 {1/2-1/2 Potkin,
V-Hug,W/Istanbul 2003/CBM 096 (28)}) (16. h5 Nf4 $132) (16. Qg4 Bxb4 $5) 16...
Rfd8 $5 (16... Nc4 17. Nxc4 dxc4 18. h5 Bc6 19. Rh3 Nh8 20. f4 $13) 17. h5 Nf8
18. Rg1 Rxc1 {[/\19...Nc6,20...a5<=><<]} (18... Nc4 19. Nxc4 (19. Rxc4 $2 dxc4
20. Ne4 Bc6 21. Nf6+ Kh8 $19) 19... dxc4 20. Qd2 Bc6 21. Nf4 $13) 19. Nxc1 $5 (
19. Qxc1 Rc8 20. Qd1 Nc4 $36) (19. Bxc1 Nc6 20. Nb3 a5 $36) 19... Nc6 (19...
Rc8 $5 {(/\20...Nc4;20...Nc6)}) 20. Rg4 $1 {(/\Nc1-b3-c5)} (20. Ncb3 a5 21. b5
a4 $1 22. bxc6 (22. Nc5 Nxd4 $1 23. Nxa4 Qa7 $17) 22... Bxc6 $36) 20... Rc8 21.
Ncb3 Nd8 $1 {[/\22...Bb5;} (21... a5 22. b5 a4 (22... Nd8 23. a4 $16) 23. Nc5
Na5 (23... Nxe5 24. Nxa4 $16) (23... Nxd4 24. Nxd7 Nxd7 25. Bxd4 $16) 24. Nxa4
$14) 22. Nc5 (22. Qe2 Rc2 23. Ba1 Ra2 $17) (22. Bd3 $5 Bb5 23. Bb1 Nc6 24. Qf3
{(/\25.g6<=>>>)}) 22... Bb5 23. Rg3 $6 (23. Bxb5 Qxb5 24. Qe2 Qc6 $15 {(/\25...
b6,26...Qc2|^<<)}) (23. Bg2 $5 Nc6 (23... a5 24. a4 Bc4 25. b5 $13) 24. g6 fxg6
25. hxg6 h6 26. Rg3 {(/\27.Qg4<=>>>)}) (23. Bh3 $5) 23... Bxf1 24. Kxf1 a5 $36
25. Bc3 axb4 26. axb4 Ra8 $15 27. Kg2 Qb5 {[/\28...Nc6,29...b6|^<<]} 28. Nd3 (
28. h6 g6 29. Qf1 Qxf1+ 30. Kxf1 b6 31. Nd3 Nc6 $36) 28... Nc6 (28... Bxg5 29.
Qg4 $40) 29. Qb1 Ra3 30. Bb2 Ra8 31. Nf3 $6 $138 (31. Bc3 Bd8 $1 $17 {(/
\Nc6-e7-f5,Bd8-b6)}) 31... Nxb4 $17 32. Nf4 {[/\33.g6|^]} Qc4 $1 {[/\33...Qc2]}
33. g6 Qc2 34. gxf7+ Kxf7 35. Qxc2 Nxc2 36. Nh2 Ra4 (36... b5 $19) 37. Rf3 $2
$138 Ne1+ 0-1